Where i Am From/ (Record no. 216495)

MARC details
000 -LEADER
fixed length control field 00551nam a22001937a 4500
005 - DATE AND TIME OF LATEST TRANSACTION
control field 20260604122338.0
010 ## - LCCN (DPL NO)
LC control number ENG-148748
020 ## - INTERNATIONAL STANDARD BOOK NUMBER
International Standard Book Number 9789347435782
Terms of availability 399.00
035 ## - SYSTEM CONTROL NUMBER
System control number EN-132280
037 ## - SOURCE OF ACQUISITION
Source of stock number/acquisition DBAD
082 ## - DEWEY DECIMAL CLASSIFICATION NUMBER
Classification number 881
Edition number 1
100 ## - MAIN ENTRY--PERSONAL NAME
Personal name Sapra, Shyla Kumar
245 ## - TITLE STATEMENT
Title Where i Am From/
Statement of responsibility, etc Shyla Kumar Sapra
250 ## - EDITION STATEMENT
Edition statement 1
260 ## - PUBLICATION, DISTRIBUTION, ETC. (IMPRINT)
Place of publication, distribution, etc New Delhi
Name of publisher, distributor, etc Har Anand Publication
Date of publication, distribution, etc 2026
270 ## - ADDRESS
Address E-49/3, Okhla Industrial Area, Phase-II,
City New Delhi
Postal code 110020
300 ## - PHYSICAL DESCRIPTION
Extent 143p.
Dimensions 22cm(hb)
942 ## - ADDED ENTRY ELEMENTS (KOHA)
Source of classification or shelving scheme Dewey Decimal Classification
Item type English Books
Classification part 881
Call number suffix SAP
Holdings
Withdrawn status Lost status Not for loan Collection code Home library Current library Date acquired Source of acquisition Cost, normal purchase price Full call number Barcode Copy number Cost, replacement price Koha item type
      Non-fiction D.B.Act.Division D.B.Act.Division 04/06/2026 Delivery of Books Act Division 399.00 881 SAP EN-132280 1 399.00 English Books

© Delhi Public Library
Hit Counter
free hit counter